Oprah Winfrey Quiz - Statistics

General Stats
  • This quiz has been taken 67 times
  • The average score is 4 of 10
Answer Stats
Hint Answer % Correct
1985 movie she was in: The Color ______ Purple
95%
She played a therapist on an episode of a sitcom where this other Talk Show Host "Came Out" Ellen Degeneres
69%
State she was born in Mississippi
59%
She ended a feud in 2005 with this talk show host by appearing on his show for the first time in 16 years David Letterman
45%
Educator she has been together with since 1986 Stedman Graham
41%
She voices a goose in this farm based movie Charlotte's Web
33%
She voiced a judge in this insect based movie Bee Movie
22%
She played "Sethe" in this 1998 movie Beloved
21%
2013 movie she was in The Butler
21%
2014 movie about a South African President Selma
14%
No matching quizzes found
Score Distribution
Percent of People with Each Score
Percentile by Number Answered
Your Score History
You have not taken this quiz